Digital Content Marketing: Creating Value in Practice (Record no. 43557)

MARC details
000 -LEADER
fixed length control field 02277cam a22003978i 4500
001 - CONTROL NUMBER
control field 23225950
005 - DATE AND TIME OF LATEST TRANSACTION
control field 20250416150457.0
008 - FIXED-LENGTH DATA ELEMENTS--GENERAL INFORMATION
fixed length control field 230713s2023 nyu b 001 0 eng
010 ## - LIBRARY OF CONGRESS CONTROL NUMBER
LC control number 2023023320
020 ## - INTERNATIONAL STANDARD BOOK NUMBER
International Standard Book Number 9781032387376
020 ## - INTERNATIONAL STANDARD BOOK NUMBER
International Standard Book Number 9781032346793
020 ## - INTERNATIONAL STANDARD BOOK NUMBER
Canceled/invalid ISBN 9781003346500
041 ## - LANGUAGE CODE
Language code of text/sound track or separate title eng
042 ## - AUTHENTICATION CODE
Authentication code pcc
082 00 - DEWEY DECIMAL CLASSIFICATION NUMBER
Classification number 658.872 KRO
100 ## - MAIN ENTRY--PERSONAL NAME
Author Krowinska Agata
245 00 - TITLE STATEMENT
Title Digital Content Marketing: Creating Value in Practice
250 ## - EDITION STATEMENT
Edition statement 1st
260 ## - PUBLICATION, DISTRIBUTION, ETC.
Place New York
Publisher Routledge
Publication Year 2024
300 ## - PHYSICAL DESCRIPTION
Extent 240;. pages 23 cm
504 ## - BIBLIOGRAPHY, ETC. NOTE
Bibliography, etc. note Includes bibliographical references and index.
520 ## - SUMMARY, ETC.
Summary, etc. "Digital Content Marketing: Creating Value in Practice introduces the principles of the content marketing discipline and serves as a guide to any professional or student who wants to learn how to successfully plan and implement digital content marketing strategies and tactics. Filled with contemporary examples of the most successful creative content marketing practices, case studies and professional advice from subject experts, this text offers an in-depth view of the world of content marketing from a value-based perspective. The textbook also includes practical advice on content marketing ideation, content management and content curation, as well as offering recommendations for the best content marketing software. The textbook offers a good balance of both theory and practice and is suitable for advanced undergraduate students and postgraduate students studying content marketing, digital marketing or social media marketing. Support material includes an instructor manual, chapter-by-chapter PowerPoint slides and a test bank of exam questions"--
650 #0 - SUBJECT ADDED ENTRY--TOPICAL TERM
Subject Internet marketing.
650 #0 - SUBJECT ADDED ENTRY--TOPICAL TERM
Subject Strategic planning.
650 #0 - SUBJECT ADDED ENTRY--TOPICAL TERM
Subject Value added.
700 1# - ADDED ENTRY--PERSONAL NAME
Co-Author Backhaus, Christof,
942 ## - ADDED ENTRY ELEMENTS (KOHA)
Koha item type Books
263 ## - PROJECTED PUBLICATION DATE
Projected publication date 2311
264 #1 - PRODUCTION, PUBLICATION, DISTRIBUTION, MANUFACTURE, AND COPYRIGHT NOTICE
Place of production, publication, distribution, manufacture New York, NY :
Name of producer, publisher, distributor, manufacturer Routledge,
Date of production, publication, distribution, manufacture, or copyright notice 2024.
336 ## - CONTENT TYPE
Content type term text
Content type code txt
Source rdacontent
337 ## - MEDIA TYPE
Media type term unmediated
Media type code n
Source rdamedia
338 ## - CARRIER TYPE
Carrier type term volume
Carrier type code nc
Source rdacarrier
776 08 - ADDITIONAL PHYSICAL FORM ENTRY
Relationship information Online version:
Title Digital content marketing
Edition First.
Place, publisher, and date of publication New York, NY : Routledge, 2024
International Standard Book Number 9781003346500
Record control number (DLC) 2023023321
906 ## - LOCAL DATA ELEMENT F, LDF (RLIN)
a 7
b cbc
c orignew
d 1
e ecip
f 20
g y-gencatlg
Holdings
Withdrawn status Lost status Source of classification or shelving scheme Damaged status Not for loan Home library Current library Shelving location Accession Date Vendor Price Bill number Total Checkouts Full call number Barcode No Date last seen Date last checked out Discount Bill Date Koha item type Suggested By
    Dewey Decimal Classification     IMTN IMTN Rack 36-B 03/28/2025 Raghav Books Private Limited 4450.89 2374 1 658.872 KRO 33891 07/15/2025 07/03/2025 33 02/14/2025 Books Ms. Mamta Solanki
Designed & Maintained by: LRC IMT Nagpur Contact: lrc@imtnag.ac.in© 2024. All Rights Reserved.